Statistiques concernant Les personnages de films d'horreur

Cliquez ici pour prendre le quiz!

Statistiques générales

  • Ce quiz a été pris 681 fois
  • Le résultat moyen est 6 sur 17

Statistiques - réponses

HintRéponse% Correct
Les griffes de la nuitFreddy Krueger
68%
SawJigsaw
68%
HalloweenMichael Myers
68%
Scream (surnom us)Ghostface
62%
Le silence des agneauxHannibal Lecter
52%
Massacre à la tronçonneuse (surnom us)Leatherface
52%
Jeu d'enfantChucky
43%
ça (fr)Grippe-sou
42%
Vendredi 13Jason Voorhees
38%
PsychoseNorman Bates
35%
Sleepy hollow (surnom)Le cavalier sans tête
20%
Le cercleSamara
20%
L'exorciste (la fillette prénom version fr)Régine
16%
La malédictionDamien
12%
Jeepers CreepersCreeper
11%
SinisterBaghuul
3%
AmityvilleGeorge Lutz
1%

Distribution des résultats

Percentile par nombre de réponses

% des personnes avec chaque résultat

Votre développement - résultats

Vous n’avez pas pris ce quiz